| 000 | 01539nam0a2200373 4500 | ||
|---|---|---|---|
| 001 | RU\NLR\BIBL_A\012699021 | ||
| 005 | 20220406144539.0 | ||
| 010 |
_a978-5-09-087390-1 _93000 |
||
| 021 |
_aRU _bКН-П-22-025516 _9КН-П-22-2185 |
||
| 021 |
_aRU _bКН-П-22-061730 _9КН-П-22-5342 |
||
| 021 |
_aRU _bКН-П-21-070408 _9КН-П-21-5578 |
||
| 035 | _a(NLR Aleph) 012699021 | ||
| 035 | _a(RuMoRGB)010832728 | ||
| 090 |
_a12871895 _c12871895 |
||
| 100 | _a20220201d2021 d y0rusy50 ca | ||
| 101 | 1 |
_arus _ceng |
|
| 102 | _aRU | ||
| 105 | _aa z 000ay | ||
| 181 | 0 |
_ai _baxxe |
|
| 182 | 0 | _an | |
| 200 | 1 |
_aБитва за лес _e[для среднего школьного возраста] _fЭрин Хантер _gперевод [с англ.] В. Максимовой _gиллюстрации Л. Насырова |
|
| 203 |
_aТекст _bвизуальный _cнепосредственный |
||
| 210 |
_aМосква _cОлма _cПросвещение _d2021 |
||
| 215 |
_a349, [1] с. _cил. _d21 |
||
| 225 | 1 | _aСерия "Коты-воители" | |
| 333 | _a6+ | ||
| 686 | 0 | _aШ9(4Вл)62-4 | |
| 700 | 1 |
_7ca _8rus _aХантер _bЭ. _cколлективный псевдоним _gЭрин _976007 _3RU\NLR\AUTH\7793081 |
|
| 702 | 1 |
_4440 _7ca _8rus _aНасыров _bЛ. Х. _cиллюстратор _f1943- _gЛеонид Хамидович _952445 _3RU\NLR\AUTH\7769517 |
|
| 942 | _cBOOK | ||
| 980 | _aNB | ||